000
00434nam a2200133Ia 4500
008
100328s9999 xx 000 0 und d
082
_b
38382
100
_a
कोपर्डेकर शरदचंद्र
245
_a
स्वामी शिवानंद
260
_b
नवचैतन्य
630
_a
स्वामी शिवानंद
730
_a
स्वामी शिवानंद
942
_c
BOOK
999
_c
527582
_d
527579